000
00253pab a2200109 454500
008
180718b xxu||||| |||| 00| 0 eng d
100
_a
Goldsmith, Mike
245
_a
Local government
650
_a
Local Government
773
_a
Urban Studies
909
_a
21959
999
_c
21959
_d
21959